Ébredj Kukkónia!

Bibliographic Details
Main Author: Vida, Júlia B., 1969- (Author)
Format: Article
Language:Hungarian
PhysicalDescription:Fotogr.
ISSN:1335-6631
Subjects:

MARC

LEADER 00000nab a2200000 a 4500
001 vtls011560080
003 SK-MaSNL
005 20260319071000.0
008 160614|2016 xo i| 000 0|hun
015 |a SNBRB2016/06 
038 |a DSZK 
040 |a DSZK  |b slo  |c DSZK  |e AACR2 
041 0 |a hun 
044 |a xo  |c SK 
080 |a 061.2  |x (437.6)  |2 2001 
100 1 |a Vida, Júlia B.,  |d 1969-  |4 aut  |9 108932 
245 1 0 |a Ébredj Kukkónia!  |c B. Vida Júlia 
300 |b Fotogr. 
610 2 7 |a Kukkonia (občianske združenie)  |2 dszk  |9 1087792 
650 0 7 |a občianske združenia  |2 SNKPH  |9 29132 
651 7 |a Dunajská Streda (Slovensko)  |2 SNKPH  |9 17375 
773 0 |t Szabad újság  |g Évf. XXII, sz. 23 (2016), o. 12-13  |x 1335-6631 
852 |a DSZK  |b KIS3GCP 
958 |a HU 
958 |a SK 
999 |c 1793142  |d 1795072